|
|
|
|
| LEADER |
00000nab a2200000ua 4500 |
| 001 |
vtls010758965 |
| 003 |
SK-MaSNL |
| 005 |
20260304200513.0 |
| 008 |
250718s1969 xo |||||||||||||||||slo| |
| 035 |
|
|
|a (urnnbn)urn:nbn:sk:snk:ar-a002n6
|
| 035 |
|
|
|a (uuid)62aeb340-10cc-45c1-94d7-b0f07bcc4571
|
| 035 |
|
|
|a urn:nbn:sk:snk-ab4zmd
|
| 040 |
|
|
|a SNKBUCL
|b slo
|c SNKBUCL
|e AACR2
|
| 041 |
0 |
|
|a slo
|
| 044 |
|
|
|a xo
|c SK
|
| 100 |
1 |
|
|a Matys, Miron
|4 aut
|9 1531797
|
| 245 |
1 |
0 |
|a PREHLIADKA UMU, DÔVTIPU A KRÁSY
|c Miron Matys
|
| 773 |
0 |
|
|t Včelár : odborný časopis Povereníctva poľnohospodárstva a lesného hospodárstva a Ústredia včelárskych združení na Slovensku
|g Roč. 43, č. 11 (1969), s. 268-269
|
| 850 |
|
|
|a Slovenská národná knižnica
|
| 852 |
|
|
|a Slovenská národná knižnica
|
| 954 |
|
|
|a odborná, vedecká literatúra pôvodná (slovenská)
|2 lita
|
| 958 |
|
|
|a article3
|
| 958 |
|
|
|a OND
|
| 958 |
|
|
|a EUIPO
|
| 999 |
|
|
|c 3088821
|d 3090751
|